Online
Catalog

Calendario universal cultural perpetuo siglo XXI / (Record no. 38146)

MARC details
000 -CABECERA
campo de control de longitud fija 00690nam a2200205 a 4500
003 - IDENTIFICADOR DEL NÚMERO DE CONTROL
campo de control DO-SdBNP
005 - FECHA Y HORA DE LA ÚLTIMA TRANSACCIÓN
campo de control 20220518081149.0
008 - DATOS DE LONGITUD FIJA--INFORMACIÓN GENERAL
campo de control de longitud fija 130417e2008 dr a gr5 000 spa d
040 ## - FUENTE DE LA CATALOGACIÓN
Centro catalogador/agencia de origen DO-SdBNP
Lengua de catalogación spa
Centro/agencia transcriptor BNPHU
082 #4 - NÚMERO DE LA CLASIFICACIÓN DECIMAL DEWEY
Número de edición 22
Número de documento/Ítem R789c 2008
100 1# - ENTRADA PRINCIPAL--NOMBRE DE PERSONA
9 (RLIN) 64746
Nombre de persona Rosario Evangelista, Pedro
245 10 - MENCIÓN DE TÍTULO
Título Calendario universal cultural perpetuo siglo XXI /
Mención de responsabilidad, etc. Pedro Rosario Evangelista
250 ## - MENCIÓN DE EDICIÓN
Mención de edición 3a. ed.
Resto de la mención de edición modificada, ampliada y revisada.
260 ## - PUBLICACIÓN, DISTRIBUCIÓN, ETC.
Lugar de publicación, distribución, etc. Santo Domingo,
Nombre del editor, distribuidor, etc. Peantroc Calendario,
Fecha de publicación, distribución, etc. 2008
300 ## - DESCRIPCIÓN FÍSICA
Extensión 14, [32] p. :
Otras características físicas il. ;
Dimensiones 14 cm.
590 ## - NOTA LOCAL (RLIN)
Nota local Inventariado 2022 / MF
650 #4 - PUNTO DE ACCESO ADICIONAL DE MATERIA--TÉRMINO DE MATERIA
9 (RLIN) 38959
Término de materia o nombre geográfico como elemento de entrada Calendario
Subdivisión general República Dominicana
Subdivisión cronológica Siglo XXI
910 ## - DATOS DE OPCIÓN DEL USUARIO (OCLC)
Datos de opción del usuario MFeliz
942 ## - ELEMENTOS DE PUNTO DE ACCESO ADICIONAL (KOHA)
Fuente del sistema de clasificación o colocación Dewey Decimal Classification
Tipo de ítem Koha Libro
Holdings
Estado de retiro Estado de pérdida Fuente del sistema de clasificación o colocación Restricciones de uso No para préstamo Código de colección Localización permanente Ubicación/localización actual Ubicación en estantería Fecha de adquisición Fuente de adquisición Total de préstamos Signatura topográfica completa Código de barras Fecha visto por última vez Precio válido a partir de Tipo de ítem Koha Número de copia
    Dewey Decimal Classification Excluido de préstamo   Dominicana de Servicio Biblioteca Nacional Pedro Henríquez Ureña Biblioteca Nacional Pedro Henríquez Ureña Depósito 12.10.2018 Depósito legal / Editora Búho   R789c 2008 2022-1367 12.04.2022 12.04.2022 Libro  
    Dewey Decimal Classification Excluido de préstamo   Dominicana de Servicio Biblioteca Nacional Pedro Henríquez Ureña Biblioteca Nacional Pedro Henríquez Ureña Depósito 12.10.2018 Depósito legal / Editora Búho   R789c 2008 2022-1368 12.04.2022 12.04.2022 Libro e.2
    Dewey Decimal Classification Préstamo en sala   Dominicana de Servicio Biblioteca Nacional Pedro Henríquez Ureña Biblioteca Nacional Pedro Henríquez Ureña Depósito 12.10.2018 Depósito legal / Editora Búho   R789c 2008 2022-1369 12.04.2022 12.04.2022 Libro e.3

Powered by Koha